Maitinszky Pálék megdöbbentő tragédiája kettős öngyilkosság a Dugonics-téri lakásban : Maitinszky revolverrel agyonlőtte magát, felesége morfiumot ivott : a tragédia oka: a gazdasági összeomlás
Elmentve itt :
| Dokumentumtípus: | Cikk |
|---|---|
| Megjelent: |
1931-04-01
|
| Sorozat: | Délmagyarország
7 No. 74 |
| Kulcsszavak: | Maitinszky Pál |
| Online Access: | http://dmarchiv.bibl.u-szeged.hu/39038 |
| LEADER | 00586nab a2200145 i 4500 | ||
|---|---|---|---|
| 001 | delm39038 | ||
| 005 | 20180927130059.0 | ||
| 008 | 180927s1931 hu o 0|| hun d | ||
| 040 | |a SZTE Délmagyarország Archívum |b hun | ||
| 041 | |a hun | ||
| 245 | 0 | 0 | |a Maitinszky Pálék megdöbbentő tragédiája |h [elektronikus dokumentum] : |b kettős öngyilkosság a Dugonics-téri lakásban : Maitinszky revolverrel agyonlőtte magát, felesége morfiumot ivott : a tragédia oka: a gazdasági összeomlás |
| 260 | |c 1931-04-01 | ||
| 300 | |a 3-4 | ||
| 490 | 0 | |a Délmagyarország |v 7 No. 74 | |
| 695 | |a Maitinszky Pál | ||